<?xml version="1.0" encoding="UTF-8"?>
<record
    xmlns:xsi="http://www.w3.org/2001/XMLSchema-instance"
    xsi:schemaLocation="http://www.loc.gov/MARC21/slim http://www.loc.gov/standards/marcxml/schema/MARC21slim.xsd"
    xmlns="http://www.loc.gov/MARC21/slim">

  <leader>00829nab a2200217uuc4500</leader>
  <controlfield tag="001">1471568</controlfield>
  <controlfield tag="005">20250129091407.0</controlfield>
  <controlfield tag="008">170822                             eng  </controlfield>
  <datafield tag="035" ind1=" " ind2=" ">
    <subfield code="a">1471568</subfield>
  </datafield>
  <datafield tag="040" ind1=" " ind2=" ">
    <subfield code="c">comduadb</subfield>
  </datafield>
  <datafield tag="041" ind1=" " ind2=" ">
    <subfield code="a">eng</subfield>
  </datafield>
  <datafield tag="100" ind1="1" ind2="0">
    <subfield code="a">Ludeling, Anke</subfield>
    <subfield code="4">aut</subfield>
    <subfield code="e">aut</subfield>
    <subfield code="9">637602</subfield>
  </datafield>
  <datafield tag="245" ind1="1" ind2="0">
    <subfield code="a">Linguistic models,acquisition theories, and learner corpora: Morphological productivity in SLA research exemplified by complex verbs in German</subfield>
  </datafield>
  <datafield tag="650" ind1=" " ind2=" ">
    <subfield code="a">Verbs</subfield>
    <subfield code="9">76803</subfield>
  </datafield>
  <datafield tag="650" ind1=" " ind2=" ">
    <subfield code="a">Verbos</subfield>
    <subfield code="9">48357</subfield>
  </datafield>
  <datafield tag="650" ind1=" " ind2="7">
    <subfield code="a">Corpus ling&#xFC;&#xED;stico</subfield>
    <subfield code="2">embne</subfield>
    <subfield code="9">137825</subfield>
  </datafield>
  <datafield tag="700" ind1="1" ind2="0">
    <subfield code="a">Hirshmann, Hagen</subfield>
    <subfield code="4">aut</subfield>
    <subfield code="e">aut</subfield>
    <subfield code="9">615659</subfield>
  </datafield>
  <datafield tag="700" ind1="1" ind2="0">
    <subfield code="a">Shadrova, Anna</subfield>
    <subfield code="4">aut</subfield>
    <subfield code="e">aut</subfield>
    <subfield code="9">615692</subfield>
  </datafield>
  <datafield tag="773" ind1="0" ind2=" ">
    <subfield code="t">Language Learning : a Journal of Research in Language Studies ( Estados Unidos)</subfield>
    <subfield code="g">Vol. 67, Suppl. 01, 2017, pp.96-129</subfield>
    <subfield code="w">686241</subfield>
    <subfield code="x">0023-8333</subfield>
    <subfield code="0">209019</subfield>
  </datafield>
  <datafield tag="942" ind1=" " ind2=" ">
    <subfield code="c">ARIMP</subfield>
  </datafield>
  <datafield tag="999" ind1=" " ind2=" ">
    <subfield code="c">761765</subfield>
    <subfield code="d">761765</subfield>
  </datafield>
</record>
